ang p 35 - Statystyki

Ogólne statystyki
  • Ten quiz został rozwiązany 26 razy
  • Średni wynik to 61 z 167
Statystyki odpowiedzi
Polski Angielski % Poprawnych
krzesło obrotowe swivel chair
89%
wietrzyć air (out)
78%
zepsuty broken / out of order
78%
instalować install
78%
czystość, schludność cleanliness
67%
posprzątać (bałagan) clean up (the mess)
67%
pajęczyna cobweb
67%
podłączyć (prąd) connect (electricity)
67%
detergent detergent
67%
majsterkowanie DIY
67%
zajmować się hydrauliką do your own plumbing
67%
czyścić chemicznie dry-clean
67%
gospodarstwo domowe household
67%
odbudować rebuild
67%
krzesło tapicerowane upholstered chair
67%
pomieszczenie gospodarcze utility room
67%
garderoba walk-in wardrobe
67%
tapeta wallpaper
67%
bojler water heater
67%
panele drewniane wood flooring
67%
uprzątnąć/wyrzucić clear out
56%
generalne porządki clear-out
56%
przerobić (strych na sypialnię) convert (an attic into bedroom)
56%
demontować/rozebrać dismantle/demolish
56%
wpaść z wizytą drop in
56%
ścierka do kurzu duster
56%
ścierać kurze z mebli dust the furniture
56%
przymocować fasten
56%
prać ręcznie handwash
56%
położyć tapetę hang wallpaper
56%
prowadzenie domu household management
56%
naprawy domowe household repairs
56%
ocieplić poddasze insulate the attic
56%
przeciekać leak
56%
polerować, pastować polish
56%
nieruchomość property / real estate
56%
remontować, odnawiać redecorate/refurbish/renovate
56%
naprawiać repair
56%
założyć (własny) dom set up house/home
56%
dostęp do access to
44%
zakwaterowanie accommodation
44%
płatność z góry / zaliczka advance payment
44%
umówić się na prezentację domu/mieszkania przed kupnem lub wynajmem book a viewing (of a house/flat)
44%
folia bąbelkowa bubble wrap
44%
pudło z kartonu cardboard box
44%
oczyścić (rynnę) z liści clean leaves (out of the gutter)
44%
plac budowy construction site
44%
podatek komunalny council tax
44%
agent, agentka nieruchomości estate agent
44%
udogodnienia, infrastruktura facilities
44%
naprawić (antenę) fix (an aerial)
44%
współlokator, współlokatorka (w mieszkaniu) flatmate
44%
prowadzenie domu housekeeping
44%
wspólnota mieszkaniowa housing community
44%
właściciel/właścicielka wynajmowanego domu landlord/landlady
44%
konserwacja maintenance
44%
wprowadzić się move in
44%
wyprowadzić się move out
44%
kosić trawnik mow the lawn
44%
pomalować coś (na czarno) paint sth (black)
44%
tapetować ściany paper the walls
44%
patio, taras patio
44%
płacić z góry pay in advance
44%
przedział cenowy price range
44%
powiesić półki put up some shelves
44%
remont redecoration/refurbishment/renovation
44%
firma przeprowadzkowa removal company
44%
pracownicy firmy przeprowadzkowej removal people / movers
44%
samochód do przeprowadzek removal van
44%
wynająć rent
44%
wymienić (pęknięty kafelek) replace (a broken tile)
44%
współlokator, współlokatorka (w pokoju) roommate
44%
szorować, czyścić scrub
44%
wyłączyć, odciąć dopływ czegoś shut off
44%
mieszkanie studenckie, akademik student accommodation
44%
wyrzucać (śmieci) throw out (rubbish)
44%
składać meble assemble furniture
33%
odchodzić od ścian (o farbie/tapecie) come off the walls
33%
kaucja deposit
33%
środek dezynfekujący disinfectant
33%
fasada facade
33%
instalować, montować fit
33%
rynna gutter/drainpipe
33%
właściciel, właścicielka domu/mieszkania homeowner
33%
ubezpieczenie domu/mieszkania household insurance
33%
płatność z góry prepayment
33%
wykafelkować (ściany) tile (the walls)
33%
do wynajęcia to let / to rent
33%
odkurzyć podłogę vacuum the floor
33%
żaluzje Venetian blinds
33%
wycierać wipe
33%
mieszkania, lokale (w rozsądnej cenie) (affordable) housing
22%
udogodnienia, infrastruktura amenities
22%
dobytek, mienie belongings
22%
prowizja dla pośrednika commission
22%
demontować, rozkładać disassemble
22%
rozkładać meble dismantle furniture
22%
wydatki domowe domestic expenses
22%
wejście, drzwi doorway
22%
odnowić mieszkanie do up a flat
22%
eksmisja eviction
22%
rozbudować extend
22%
przybudówka extension
22%
zapełnić samochód fill a van
22%
meble w paczkach do samodzielnego montażu flat-pack furniture
22%
okna od podłogi do sufitu floor-to-ceiling windows
22%
przedmioty delikatne, kruche fragile items
22%
przeszklone drzwi, okna werandowe French windows
22%
altana gazebo
22%
wymienić się na mieszkania house-swap
22%
parapetówka house-warming party
22%
rata instalment
22%
burzyć, wyburzyć knock down
22%
najem, dzierżawa | wynajmować, dzierżawić lease
22%
wynająć komuś mieszkanie let out a flat
22%
załadować/rozładować load/unload
22%
naprawić cieknący kran mend a dripping tap
22%
źle zmontować misassemble
22%
hipoteka, kredyt hipoteczny mortgage
22%
przeprowadzać się move house
22%
data przeprowadzki move-in date
22%
negocjować cenę/warunki negotiate the price/terms
22%
okres wypowiedzenia notice period
22%
naoliwić zawiasy oil the hinges
22%
budynek gospodarczy outbuilding
22%
materiał opakowaniowy packing material
22%
meble tarasowe patio furniture
22%
rzeczy osobiste personal belongings
22%
filar pillar
22%
folia ochronna protective film
22%
przykładać się do pracy pull your weight
22%
opłukać, spłukać rinse
22%
taras na dachu roof terrace
22%
zająć się czymś, dopilnować czegoś see to sth
22%
podpisać umowę najmu, dzierżawy sign the lease
22%
schodek, stopień step
22%
zamieść podłogę sweep the floor
22%
wziąć pożyczkę bankową/kredyt hipoteczny take out a bank loan / mortgage
22%
ścierka kuchenna tea towel
22%
najem, dzierżawa tenancy
22%
lokator, lokatorka tenant
22%
warunki najmu terms of a lease
22%
taras terrace
22%
uprzątnąć coś tidy away
22%
dokręcić śrubę tighten a screw
22%
w budowie under construction
22%
odkręcić (śrubę) unscrew
22%
utrzymanie upkeep
22%
rachunki za media (gaz, prąd, wodę) utility bills
22%
polakierować varnish
22%
wyciskać, wyżymać wring
22%
oranżeria, ogród zimowy conservatory
11%
szczyt, ściana szczytowa gable
11%
spółdzielnia mieszkaniowa housing cooperative
11%
utrzymać (mieszkanie) keep up / maintain (a flat)
11%
półpiętro, antresola mezzanine
11%
(czynsz) do negocjacji negotiable (rent)
11%
ganek, weranda porch
11%
dobytek, mienie possessions
11%
zainstalować (wyposażenie łazienki) put in (bathroom fittings)
11%
przeprowadzka (do innej miejscowości/innego kraju) relocation
11%
zaaklimatyzować się, zaadaptować settle in
11%
okiennice shutters
11%
świetlik (w dachu) skylight
11%
umowa najmu tenancy agreement
11%
zameldowanie registration of residence
0%
Nie znaleziono quizów pasujących do podanych kryteriów
Rozkład punktacji
Procent ludzi z każdym wynikiem
Percentyl według liczby udzielonych odpowiedzi
Twoja historia wyników
Nie rozwiązałeś tego quizu